000 01204nam a2200253 i 4500
001 bg
100 1 _aKRUCZEK, Halina
245 1 0 _aWybrane zagadnienia spalania młodych paliw kopalnych o małym stopniu metamorfizmu /
_cHalina Kruczek.
260 _aWrocław :
_bOficyna Wydawnicza PW,
_c2003.
300 _a119, [2] s. :
_bil. ;
_c24 cm.
490 1 _aPrace Naukowe Instytutu Techniki Cieplnej i Mechaniki Politechniki Wrocławskiej. Monografie =
_aScientific Papers of the Institute of Heat Engineering and Fluid Mechanics of the Wrocław University of Technology. Monographs,
_x0324-9375 ;
_v33
500 _aTyt. równol.: Some problems of the combustion of young low-metamorphisms rank fossil fuels. Nr serii gł.: 58. - Streszcz. ang.
504 _aBibliogr.
650 9 _aWęgiel brunatny
_xbadanie
650 9 _aWęgiel brunatny
_xtechnologia
650 9 _aSpalanie
_xbadanie
650 9 _aEnergetyka
_xwpływ na środowisko
830 0 _aPrace Naukowe Instytutu Techniki Cieplnej i Mechaniki Politechniki Wrocławskiej.
_pMonografie ;
_v33
040 _cBPK
041 0 _apol
_beng
080 _a622.332:662.6:628.5:504.3.054
942 _cKS
008 s pl f |000 0 pol
999 _c44221
_d44221
856 _uhttp://koha.tu.koszalin.pl/cgi-bin/koha/opac-detail.pl?biblionumber=44221
_yKatalog online BPK